00852cam a22002171i 4500001001300000003000400013005001700017008004100034010001700075035001900092040004800111042001200159050001500171100002100186245025000207260005400457300003800511500002000549650004800569999001700617e 15002715 DLC20260227111205.0780228s1915 ag a 001 0 spa c ae 15002715  a(OCoLC)3675630 aLibrary, U. S. Bur. of EducationcDNIEdDLC apremarc00aLA547b.N41 aNelson, Ernesto.10aPlan de reformas a la enseñanza secundaria, en sus fines, su organización y su función social :bestudio sometido a la consideración del Señor ministro de justicia e instrucción pública, Dr. Tomás R. Cullen /cpor Ernesto Nelson. aBuenos Aires :b"La Casa de los maestros,"c1915. a308 p. :bill., diagrs. (2 fold.) aIncludes index. 0aEducation, SecondaryxCurriculazArgentina. c19907d19907